Public work drought drags construction work down 22% (Record no. 82859)

MARC details
000 -LEADER
fixed length control field 00851cam a22001935a 4500
001 - CONTROL NUMBER
control field L151814
008 - FIXED-LENGTH DATA ELEMENTS--GENERAL INFORMATION
fixed length control field 101213e20101112xxk 000 0 eng d
035 ## - SYSTEM CONTROL NUMBER
System control number (Sirsi) u151814
041 0# - LANGUAGE CODE
Language code of text/sound track or separate title eng
100 1# - MAIN ENTRY--PERSONAL NAME
Personal name Withers, Iain
245 00 - TITLE STATEMENT
Title Public work drought drags construction work down 22%
Remainder of title business barometer
-- education work holds Willmott Dixon in top spot as government projects decline
260 ## - PUBLICATION, DISTRIBUTION, ETC.
Date of publication, distribution, etc. 2010
490 ## - SERIES STATEMENT
Series statement Building
Volume/sequential designation 275 (8658) 10 December 2010, 16-17(2)
520 ## - SUMMARY, ETC.
Summary, etc. Review of November; tables of top contractors excluding and including civils for the month; yearly work won; top architects, clients/promoters, and quantity surveyors with number of projects and total value (£m) 1 December 2009-30 November 2010.
590 ## - LOCAL NOTE (RLIN)
Local note KA
651 #4 - SUBJECT ADDED ENTRY--GEOGRAPHIC NAME
Geographic name United Kingdom
Chronological subdivision
690 ## - LOCAL SUBJECT ADDED ENTRY--TOPICAL TERM (OCLC, RLIN)
Topical term or geographic name as entry element BUILT ENVIRONMENT-CONSTRUCTION MARKET
942 ## - ADDED ENTRY ELEMENTS (KOHA)
Suppress in OPAC 0
Holdings
Withdrawn status Lost status Source of classification or shelving scheme Damaged status Not for loan Home library Current library Shelving location Date acquired Total Checkouts Full call number Barcode Date last seen Copy number Price effective from Koha item type
    Dewey Decimal Classification     London London Journal article 13/12/2010   L151814 151814-1001 06/08/2019 1 06/08/2019 Journal article